Computer Acronyms #2 - Statistics

General Stats
  • This quiz has been taken 92 times
  • The average score is 23 of 33
Answer Stats
Hint Answer % Correct
SQL Language
91%
HtML Language
91%
SQL Query
86%
USB Universal
86%
USB Bus
84%
HtML Hypertext
84%
HtTP Hypertext
84%
HtTP Protocol
84%
SMTP Protocol
84%
WiFi Wireless
84%
IoT of
81%
Saas a
79%
HtML Markup
79%
DNS Name
79%
DNS Domain
78%
IoT Internet
75%
USB Serial
74%
DNS System
74%
HtTP Transfer
74%
SMTP Transfer
74%
IoT Things
73%
Saas Service
69%
Saas as
65%
SQL Structured
61%
Saas Software
60%
SMTP Mail
54%
WiFi Fidelity
50%
SMTP Simple
50%
ASCII American
45%
ASCII Standard
45%
ASCII Code
31%
ASCII Information
28%
ASCII Interchange
23%
No matching quizzes found
Score Distribution
Percent of People with Each Score
Percentile by Number Answered
Your Score History
You have not taken this quiz